Billie Eilish Complete the song title - Statistics

General Stats
  • This quiz has been taken 70 times
  • The average score is 15 of 17
Answer Stats
Album/single Date Answer % Correct
don't smile at me(2017) Ocean {eyes}
100%
HIT ME HARD AND SOFT(2024) Birds of a {Feather}
98%
single (2019) Everything I {wanted}
97%
When we all fall asleepWhere do we go? (2019) When the party's {over}
97%
single (2023) for theBarbie Movie What was I {Made For?}
95%
When we all fall asleepWhere do we go? (2019) You should see me {in a crown}
89%
Happier Than Ever(2021) Billie Bossa {Nova}
88%
Happier Than Ever(2021) {Halley's} Comet
86%
HIT ME HARD AND SOFT(2024) {Wild}Flower
86%
When we all fall asleepWhere do we go? (2019) my {strange} addiction
85%
don't smile at me(2017) {my} boy
83%
Happier Than Ever(2021) {Therefore} I Am
82%
Happier Than Ever(2021) I didn't change {my number}
80%
When we all fall asleepWhere do we go? (2019) {listen} before I go
80%
HIT ME HARD AND SOFT(2024) Bitter{suite}
79%
Happier Than Ever(2021) Male {Fantasy}
79%
don't smile at me(2017) {party} favor
74%
No matching quizzes found
Score Distribution
Percent of People with Each Score
Percentile by Number Answered
Your Score History
You have not taken this quiz